Моя первая Библия в картинках (Запись № 1604396)

Подробности
000 -МАРКЕР
контрольное поле 01539nam0a2200373 4500
001 - ИДЕНТИФИКАТОР ЗАПИСИ
контрольное поле RU\NLR\bibl\1472819
005 - ИДЕНТИФИКАТОР ВЕРСИИ
контрольное поле 20260409080803.0
010 ## - МЕЖДУНАРОДНЫЙ СТАНДАРТНЫЙ НОМЕР КНИГИ (ISBN)
Номер (ISBN) 978-5-87727-123-4
Тираж 10000
021 ## - НОМЕР ГОСУДАРСТВЕННОЙ РЕГИСТРАЦИИ
Код страны российская федерация
Номер 2009-100788
Номер Листа государственной регистраци 6409
035 ## - ДРУГИЕ СИСТЕМНЫЕ НОМЕРА
Идентификатор записи (NLR Aleph) 001464503
100 ## - ДАННЫЕ ОБЩЕЙ ОБРАБОТКИ
Данные общей обработки 20100212d2009 |||y0rusy50 ca
101 1# - ЯЗЫК РЕСУРСА
Язык текста, звукозаписи и т.д. русский
-- английский
Язык оригинала английский
102 ## - СТРАНА ПУБЛИКАЦИИ ИЛИ ПРОИЗВОДСТВА
Страна публикации российская федерация
105 ## - ПОЛЕ КОДИРОВАННЫХ ДАННЫХ: ТЕКСТОВЫЕ МАТЕРИАЛЫ, МОНОГРАФИЧЕСКИЕ
Кодированные данные о монографическом текстовом документе a |||||||||
200 1# - ЗАГЛАВИЕ И СВЕДЕНИЯ ОБ ОТВЕТСТВЕННОСТИ
Основное заглавие Моя первая Библия в картинках
Параллельное заглавие My first Bible in pictures
Первые сведения об ответственности Kenneth N. Taylor
Последующие сведения об ответственности with ill. by Richard and Frances Hook
Язык параллельного заглавия английский
210 ## - ПУБЛИКАЦИЯ, РАСПРОСТРАНЕНИЕ И ДР.
Место издания, распространения и т.д. Москва
Имя издателя, распространителя и т. д. Ассоциация "Духовное возрождение"
Дата издания, распространения и т.д. 2009 (печ. 2008)
215 ## - ФИЗИЧЕСКАЯ ХАРАКТЕРИСТИКА
Специфическое обозначение материала и объем 254, [3] c.
Другие сведения о физической характеристике цв. ил.
Размеры 17
300 ## - ОБЩИЕ ПРИМЕЧАНИЯ
Текст примечания Текст парал. на рус. и англ. яз.
500 ## - УНИФИЦИРОВАННОЕ ЗАГЛАВИЕ
Унифицированное заглавие Библия
Сведения, относящиеся к заглавию/сведения о виде, жанре, характере документа Переработки
Идентификатор авторитетной / нормативной записи RU\NLR\auth\559299
Системный номер авторитетной/нормативной записи 2631318
510 1# - ПАРАЛЛЕЛЬНОЕ ЗАГЛАВИЕ
Связь между полями z45790
Параллельное заглавие My first Bible in pictures
Язык заглавия английский
605 ## - ЗАГЛАВИЕ КАК ПРЕДМЕТ
Начальный элемент ввода Библия
Формальный подзаголовок Издания для детей
Системный номер авторитетной/нормативной записи 925493
Идентификатор авторитетной/нормативной записи RU\NLR\auth\6621240
686 ## - ИНДЕКСЫ ДРУГИХ КЛАССИФИКАЦИЙ
Индекс Ш9
Книжный номер Э
700 #1 - ИМЯ ЛИЦА - ПЕРВИЧНАЯ ОТВЕТСТВЕННОСТЬ
Код отношения Автор
Материалы, к которым относится поле rus
Графика поля Кириллица
Начальный элемент ввода Тейлор
Часть имени, кроме начального элемента ввода К. Н.
Расширение инициалов личного имени Кеннет Н.
Идентификатор авторитетной/нормативной записи RU\NLR\AUTH\7761040
Системный номер авторитетной/нормативной записи 43970
702 #1 - ИМЯ ЛИЦА - ВТОРИЧНАЯ ОТВЕТСТВЕННОСТЬ
Начальный элемент ввода Хук
Часть имени, кроме начального элемента ввода Р.
Расширение инициалов личного имени Ричард
Код отношения Иллюстратор
702 #1 - ИМЯ ЛИЦА - ВТОРИЧНАЯ ОТВЕТСТВЕННОСТЬ
Начальный элемент ввода Хук
Часть имени, кроме начального элемента ввода Ф.
Расширение инициалов личного имени Фрэнсис
Код отношения Иллюстратор
790 #1 - ИМЯ ЛИЦА - АЛЬТЕРНАТИВНАЯ ФОРМА
Код отношения Автор
Материалы, к которым относится поле eng
Графика поля Латинская
Начальный элемент ввода Taylor
Часть имени, кроме начального элемента ввода K. N.
Расширение инициалов личного имени Kenneth N.
Идентификатор авторитетной/нормативной записи RU\NLR\auth\7761041
Системный номер авторитетной/нормативной записи 43971
801 #0 - ИСТОЧНИК ЗАПИСИ
Страна российская федерация
Организация NLR
Дата составления 20100212
Правила каталогизации RCR
801 #1 - ИСТОЧНИК ЗАПИСИ
Страна российская федерация
Организация NLR
Дата составления 20100212
942 ## - ДОПОЛНИТЕЛЬНЫЕ ЭЛЕМЕНТЫ ЗАПИСИ (АБИС)
Тип экземпляра АБИС Книга
980 ## - КОЛЛЕКЦИЯ
Название коллекции Национальная библиография
Экземпляры
Тип экземпляра Дата поступления Источник поступления Библиотека постоянного хранения Библиотека текущего хранения Место хранения Шифр хранения Штрих-код Статус не для выдачи
Книга 12.02.2010 Обязательный экземпляр РНБ (Московский) РНБ (Московский) Русский книжный фонд: издания с 1957 года, 8этаж 2010-2/453 3101701  
Книга 12.02.2010 Обязательный экземпляр РНБ (Московский) РНБ (Московский) Обменный фонд   3101702